000 00412nam a2200145Ia 4500
008 230917s9999||||xx |||||||||||||| ||und||
040 _e72011
_aMAIN
041 _aEnglish
082 _a595.7 S89E
100 _aSouthwood, T R E
245 0 _aEcological methods: with particular reference to the study of insect populations
260 _aLondon
_bChapman and Hall
_c1978
300 _axxiv, 524 p.
942 _cBK
999 _c38901
_d38901